[Event "8. Griesheimer Schachtage 2012"]
[Site "Griesheim"]
[Date "2012.05.19"]
[Round "3.18"]
[White "Lindemann, Antje"]
[Black "Schmitt, Roland"]
[Result "0-1"]
[WhiteElo "1672"]
[BlackElo "1916"]
[PlyCount "104"]

1. e4 c5 2. c3 d5 3. exd5 Qxd5 4. d4 Nf6 5. Nf3 Bg4 6. Be2 e6 7. O-O Be7 8. Be3
cxd4 9. Qa4+ Nc6 10. cxd4 O-O 11. Nc3 Qd6 12. Rad1 Rac8 13. a3 Nd5 14. Ne4 Qb8
15. b4 f5 16. Nc5 Bxc5 17. bxc5 Nc3 18. Qc4 Nxd1 19. Qxe6+ Kh8 20. Bxd1 Rf6 21.
Qb3 Bxf3 22. Bxf3 f4 23. Bxc6 bxc6 24. Qxb8 Rxb8 25. Bd2 Rb3 26. Re1 Kg8 27. a4
Kf7 28. Rc1 Ke6 29. g3 g5 30. h4 fxg3 31. hxg5 gxf2+ 32. Kf1 Rff3 33. Ke2 f1=Q+
34. Rxf1 Rxf1 35. Kxf1 Kd5 36. Be1 Kxd4 37. Bf2+ Ke4 38. Kg2 Ra3 39. a5 a6 40.
Be1 Kf5 41. Bf2 Kxg5 42. Be1 Kg4 43. Bb4 Rb3 44. Be1 Rb2+ 45. Bf2 h5 46. Kg1
Kf3 47. Bh4 Rb5 48. Kh2 Rxa5 49. Be7 Ra1 50. Bf6 Rc1 51. Be7 a5 52. Bg5 Rxc5
0-1

[Event "8. Griesheimer Schachtage 2012"]
[Site "Griesheim"]
[Date "2012.05.19"]
[Round "3.19"]
[White "Rolf, Marco"]
[Black "Hamer, Robert"]
[Result "1-0"]
[WhiteElo "1898"]
[BlackElo "1653"]
[PlyCount "73"]

1. d4 Nf6 2. c4 g6 3. Nc3 d5 4. cxd5 Nxd5 5. Nf3 Bg7 6. e4 Nxc3 7. bxc3 c5 8.
Be2 O-O 9. O-O Nc6 10. Be3 Bg4 11. d5 Bxf3 12. Bxf3 Ne5 13. Bxc5 Nxf3+ 14. Qxf3
Qc7 15. Bd4 e5 16. dxe6 fxe6 17. Qh3 e5 18. Qe6+ Kh8 19. Be3 Qxc3 20. Rac1 Qa5
21. Rc5 Qd8 22. Rxe5 Bxe5 23. Qxe5+ Qf6 24. Qxf6+ Rxf6 25. Bd4 Kg7 26. Rc1 Raf8
27. Rc7+ R8f7 28. Bxf6+ Kxf6 29. e5+ Ke6 30. Rxf7 Kxf7 31. f4 Ke6 32. Kf2 b5
33. Ke2 Kd5 34. Kd2 h5 35. h4 b4 36. Kc2 a5 37. Kb3 1-0

[Event "8. Griesheimer Schachtage 2012"]
[Site "Griesheim"]
[Date "2012.05.19"]
[Round "3.20"]
[White "Winkler, Holger"]
[Black "Kellerwessel, Ralf"]
[Result "0-1"]
[WhiteElo "1631"]
[BlackElo "1888"]
[PlyCount "108"]

1. Nf3 d6 2. d4 g6 3. e4 Bg7 4. Nc3 a6 5. Be2 Nc6 6. O-O Bg4 7. Be3 Bxf3 8.
Bxf3 e5 9. Ne2 Qd7 10. d5 Nce7 11. c4 f5 12. Nc3 Nf6 13. b4 f4 14. Bd2 g5 15.
Bh5+ Ng6 16. c5 g4 17. c6 bxc6 18. dxc6 Qe6 19. Bxg6+ hxg6 20. f3 gxf3 21. Qxf3
g5 22. Nd5 Nxd5 23. exd5 Qf5 24. Rae1 Kf7 25. Qe4 Qxe4 26. Rxe4 Kg6 27. h3 Kf5
28. Rfe1 Bf6 29. Kf2 Rag8 30. g4+ fxg3+ 31. Kxg3 Rh4 32. Rxh4 gxh4+ 33. Kh2 Rg3
34. Rf1+ Kg6 35. Rg1 Rxg1 36. Kxg1 e4 37. Kf2 Bd4+ 38. Be3 Bc3 39. a3 Kf6 40.
Ke2 Ke5 41. Bg5 Kxd5 42. Bxh4 Kxc6 43. Bd8 Bd4 44. h4 Kd7 45. Bg5 c6 46. h5 Ke6
47. h6 Kf7 48. Kd2 d5 49. a4 Kg6 50. Bf4 Kf5 51. Bd6 Bf6 52. Bf8 Kg6 53. b5
cxb5 54. axb5 axb5 0-1

[Event "8. Griesheimer Schachtage 2012"]
[Site "Griesheim"]
[Date "2012.05.19"]
[Round "3.21"]
[White "Josic, Ivica"]
[Black "Plattner, Rolf"]
[Result "1/2-1/2"]
[WhiteElo "1616"]
[BlackElo "1871"]
[PlyCount "95"]

1. e4 e6 2. Nc3 c5 3. Bc4 Nc6 4. a3 Nf6 5. d3 Be7 6. Nf3 d6 7. Bf4 a6 8. h3 b5
9. Ba2 Bb7 10. O-O O-O 11. Ne2 Qb6 12. Be3 Qc7 13. Qc1 Rfd8 14. Nf4 d5 15. Ng5
Bc8 16. exd5 Nxd5 17. Nxd5 exd5 18. Bf4 Bxg5 19. Bxg5 f6 20. Bf4 Qf7 21. Re1 c4
22. Re3 Bb7 23. c3 Re8 24. d4 Rxe3 25. Qxe3 Re8 26. Qg3 Bc8 27. Be3 Ne7 28. Bb1
Nf5 29. Bxf5 Bxf5 30. a4 Qb7 31. Qf4 Bg6 32. axb5 Qxb5 33. Bc1 Ra8 34. Qd6 Bf7
35. g4 h5 36. Kg2 hxg4 37. hxg4 Qe8 38. Qf4 Qe6 39. Be3 Bg6 40. f3 Bf7 41. Kf2
Qb6 42. Bc1 Re8 43. g5 fxg5 44. Qxg5 Qe6 45. Be3 Rb8 46. Bc1 Re8 47. Be3 Rb8
48. Bc1 1/2-1/2

[Event "8. Griesheimer Schachtage 2012"]
[Site "Griesheim"]
[Date "2012.05.19"]
[Round "3.22"]
[White "Jesze, Paul"]
[Black "Yilmaz, Ahmet"]
[Result "0-1"]
[WhiteElo "1615"]
[BlackElo "1850"]
[PlyCount "84"]

1. d4 Nf6 2. e3 c5 3. Bd3 d5 4. c3 e6 5. Nf3 Nc6 6. O-O Bd6 7. dxc5 Bxc5 8. b4
Bd6 9. Nd4 e5 10. Nf5 Bf8 11. Ng3 h5 12. h3 h4 13. Ne2 Bd6 14. f4 e4 15. Bc2
Bf5 16. Bb3 Bc7 17. a4 Qd7 18. Ba3 Bxh3 19. Rf2 Be6 20. b5 Na5 21. Nd4 Bg4 22.
Qc2 h3 23. Nd2 Bb6 24. Nf1 O-O-O 25. Ba2 Kb8 26. Rc1 Rc8 27. Qb2 hxg2 28. Rxg2
Bxd4 29. exd4 Bf3 30. Rcc2 Bxg2 31. Rxg2 Qh3 32. Bb4 Nc4 33. Bxc4 dxc4 34. Bd6+
Ka8 35. Rh2 Qg4+ 36. Qg2 Rxh2 37. Qxg4 Nxg4 38. Nxh2 Nxh2 39. Kxh2 Rh8+ 40. Kg3
Rh1 41. a5 Rb1 42. Bb4 Rxb4 0-1

[Event "8. Griesheimer Schachtage 2012"]
[Site "Griesheim"]
[Date "2012.05.19"]
[Round "3.23"]
[White "Haas, Vanessa"]
[Black "Klier, Michaela"]
[Result "1-0"]
[WhiteElo "1849"]
[BlackElo "960"]
[PlyCount "87"]

1. e4 e5 2. Nf3 Nc6 3. Bb5 a6 4. Ba4 Nf6 5. d3 Bc5 6. Bxc6 dxc6 7. Nxe5 Qd4 8.
Be3 Qxb2 9. Nd2 Qxe5 10. Bxc5 Qxc5 11. O-O Bg4 12. Qc1 O-O 13. h3 Bxh3 14. gxh3
Nh5 15. Nf3 Ng3 16. Re1 Qh5 17. Qf4 Nh1 18. Kxh1 Qxh3+ 19. Nh2 b5 20. Rg1 Qh5
21. Qg4 Qg6 22. Qxg6 fxg6 23. f3 c5 24. Rg5 c4 25. dxc4 b4 26. Rc5 Ra7 27. Rd1
a5 28. Kg2 h5 29. Nf1 Kh7 30. Rd7 h4 31. Nd2 Kh6 32. Rdd5 a4 33. e5 c6 34. Rxc6
Rf5 35. Rb6 Rg5+ 36. Kh2 b3 37. cxb3 axb3 38. axb3 Rf5 39. Kh3 Ra1 40. Kxh4
Rh1+ 41. Kg3 Kh5 42. Kg2 Rh4 43. Ne4 g5 44. Ng3# 1-0

[Event "8. Griesheimer Schachtage 2012"]
[Site "Griesheim"]
[Date "2012.05.19"]
[Round "3.25"]
[White "Rauscher, Joachim"]
[Black "Grote, Steffi"]
[Result "1-0"]
[WhiteElo "1865"]
[BlackElo "1551"]
[PlyCount "51"]

1. e4 c5 2. Nf3 Nc6 3. d4 cxd4 4. Nxd4 g6 5. Nxc6 bxc6 6. Qd4 Nf6 7. e5 Nd5 8.
Bd3 Bg7 9. O-O O-O 10. Bd2 d6 11. f4 Qc7 12. Nc3 Bb7 13. Nxd5 cxd5 14. Rae1
Rfc8 15. Rf3 Qc5 16. c3 e6 17. Kh1 Qc6 18. Rh3 dxe5 19. fxe5 Ba6 20. Bxa6 Qxa6
21. Qh4 h5 22. Rf3 Rc4 23. Qe7 Rf8 24. Ref1 Kh7 25. Rxf7 Rxf7 26. Rxf7 1-0

[Event "8. Griesheimer Schachtage 2012"]
[Site "Griesheim"]
[Date "2012.05.19"]
[Round "3.26"]
[White "Muehlbach, Christian"]
[Black "Wabra, Robert"]
[Result "0-1"]
[WhiteElo "1709"]
[BlackElo "1834"]
[PlyCount "70"]

1. e4 c5 2. Nc3 Nc6 3. f4 d6 4. Nf3 Bg4 5. Bb5 e6 6. Bxc6+ bxc6 7. O-O Nf6 8.
Qe1 Nd7 9. Nd1 g6 10. Ne3 Bxf3 11. Rxf3 Bg7 12. d3 Rb8 13. c3 O-O 14. Rh3 f5
15. Rb1 Nb6 16. Bd2 Qf6 17. Rc1 Rbe8 18. Qe2 Qe7 19. Rf1 Rf7 20. Be1 Ref8 21.
Bh4 Bf6 22. Bxf6 Qxf6 23. g4 Qe7 24. Ng2 Nd7 25. g5 e5 26. exf5 Rxf5 27. Re1
Qf7 28. Re3 Qxa2 29. d4 cxd4 30. cxd4 exf4 31. Rf3 Qd5 32. Nh4 Qxd4+ 33. Kf1
Re5 34. Qc2 Rxe1+ 35. Kxe1 Qg1+ 0-1

[Event "8. Griesheimer Schachtage 2012"]
[Site "Griesheim"]
[Date "2012.05.19"]
[Round "3.27"]
[White "Hamar, Dirk"]
[Black "Berkes, Alexander"]
[Result "0-1"]
[WhiteElo "1541"]
[BlackElo "1816"]
[PlyCount "88"]

1. c4 Nf6 2. Nc3 g6 3. Nf3 Bg7 4. e4 d6 5. d4 O-O 6. Bd3 e5 7. d5 Ne8 8. Be3 f5
9. Bg5 Nf6 10. O-O h6 11. Bd2 f4 12. c5 g5 13. h3 Ne8 14. b4 h5 15. Nh2 Nf6 16.
Be2 Na6 17. Bxh5 dxc5 18. b5 Nb4 19. Be2 c6 20. a3 Nbxd5 21. exd5 cxd5 22. Ng4
e4 23. Rc1 b6 24. Qb3 Be6 25. Ne5 Re8 26. Nc6 Qc8 27. Nb1 d4 28. Bc4 Bxc4 29.
Qxc4+ Qe6 30. g3 Nh5 31. gxf4 gxf4 32. Kh2 Kh8 33. Qc2 Rg8 34. Qd1 f3 35. Rg1
Be5+ 36. Nxe5 Qxe5+ 37. Kh1 Rxg1+ 38. Qxg1 Rg8 39. Qh2 Qxh2+ 40. Kxh2 Rg2+ 41.
Kh1 e3 42. Rg1 exf2 43. Rxg2 f1=Q+ 44. Rg1 Qxh3# 0-1

[Event "8. Griesheimer Schachtage 2012"]
[Site "Griesheim"]
[Date "2012.05.19"]
[Round "3.28"]
[White "Lopez-Fuertes, Victor"]
[Black "Karsay, Pascal"]
[Result "1/2-1/2"]
[WhiteElo "1778"]
[BlackElo "1412"]
[PlyCount "62"]

1. e4 c5 2. f4 d5 3. exd5 Qxd5 4. Nc3 Qe6+ 5. Qe2 Nf6 6. Qxe6 Bxe6 7. Nf3 Bg4
8. Ne5 a6 9. Nxg4 Nxg4 10. Nd5 Kd8 11. Be2 Nf6 12. Nb6 Ra7 13. d3 e6 14. Bd2
Nc6 15. c3 Bd6 16. Nc4 Bc7 17. Be3 b5 18. Ne5 Nxe5 19. fxe5 Nd7 20. d4 Bb6 21.
dxc5 Bxc5 22. Bxc5 Nxc5 23. O-O-O+ Ke7 24. a3 Rd8 25. Rxd8 Kxd8 26. Rd1+ Rd7
27. b4 Ne4 28. Rxd7+ Kxd7 29. Kc2 f5 30. exf6 gxf6 31. Kd3 Nd6 1/2-1/2

[Event "8. Griesheimer Schachtage 2012"]
[Site "Griesheim"]
[Date "2012.05.19"]
[Round "3.29"]
[White "Puzzo, Peter"]
[Black "Dshurowa, Petra"]
[Result "1/2-1/2"]
[WhiteElo "1650"]
[BlackElo "1774"]
[PlyCount "35"]
[EventDate "2012.05.19"]

1. d4  d5 2. c4 Nf6 3. Nc3 c6 4. Qc2 dxc4 5. e3 b5 6.
Nf3 Nbd7 7. Be2 e6 8. O-O Bb7 9. Bd2 Be7 10. a4 a6 11. e4 c5 12. axb5 axb5 13.
e5 cxd4 14. exf6 Nxf6 15. Nxd4 Qxd4 16. Nxb5 Qc5 17. Qxc4 O-O 18. Be3 1/2-1/2

[Event "8. Griesheimer Schachtage 2012"]
[Site "Griesheim"]
[Date "2012.05.19"]
[Round "3.30"]
[White "Urbach, Jens"]
[Black "Henkelmann, Frank"]
[Result "0-1"]
[WhiteElo "1565"]
[BlackElo "1222"]
[PlyCount "132"]
[EventDate "2012.05.19"]

1. e4 e5 2. Nf3 Nc6 3. d4 exd4 4. Nxd4 Bc5 5. Be3 Qf6 6. c3 Nge7 7. Bc4 d6 8.
O-O a6 9. b4 Ba7 10. Qd2 Qg6 11. Nxc6 Nxc6 12. Bxa7 Bh3 13. Bxf7+ Kxf7 14. Qf4+
Ke6 15. Qf3 Qxg2+ 16. Qxg2 Bxg2 17. Kxg2 Rxa7 18. Na3 Ne5 19. Rad1 b5 20. h3
Rf8 21. f4 Nd7 22. Nc2 c5 23. f5+ Kf6 24. Rxd6+ Kg5 25. Rfd1 Rf7 26. Kg3 Nf6
27. h4+ Kh5 28. Re6 c4 29. Ne3 Rae7 30. Rxe7 Rxe7 31. Nd5 Rxe4 32. Nf4+ Kh6 33.
Kf3 g5 34. hxg5+ Kxg5 35. Rg1+ Kxf5 36. Ne2 Ke6 37. Nd4+ Kf7 38. Nf5 Ke6 39.
Nd4+ Kd5 40. Rg5+ Re5 41. Rg7 Rh5 42. Kf4 h6 43. Rf7 Rh4+ 44. Kf5 Ne4 45. Rd7+
Nd6+ 46. Kf6 Rf4+ 47. Kg6 Ke5 48. Re7+ Kd5 49. Rd7 Ke5 50. Kxh6 Nf5+ 51. Kg5
Nxd4 52. Re7+ Ne6+ 53. Kg6 Rg4+ 54. Kf7 Rg7+ 55. Ke8 Rxe7+ 56. Kxe7 Nf4 57. Kd7
Kd5 58. Kc7 Ne2 59. Kb6 Nxc3 60. a3 Na2 61. Kxa6 Nxb4+ 62. axb4 Kc6 63. Ka7 c3
64. Ka6 c2 65. Ka5 c1=Q 66. Ka6 Qa3# 0-1

[Event "8. Griesheimer Schachtage 2012"]
[Site "Griesheim"]
[Date "2012.05.19"]
[Round "3.31"]
[White "Felde, Philipp"]
[Black "Reuter, Klaus"]
[Result "1-0"]
[WhiteElo "1423"]
[BlackElo "1644"]
[PlyCount "77"]
[EventDate "2012.05.19"]

1. d4 d5 2. c4 dxc4 3. Nc3 a6 4. Qa4+ Bd7 5. Qxc4 e6 6. Nf3 Nc6 7. g3 Nf6 8.
Bg2 b5 9. Qd3 Nb4 10. Qd1 Bc6 11. O-O h6 12. Re1 Be7 13. e4 O-O 14. a3 a5 15.
axb4 Bxb4 16. Ne5 Be8 17. Be3 Rb8 18. Rc1 Nh7 19. Re2 f6 20. Nd3 Be7 21. Rec2
b4 22. Ne2 Ba4 23. Nef4 Kf7 24. Qh5+ Kg8 25. Rxc7 Be8 26. Qg4 f5 27. Qd1 Bf7
28. e5 g5 29. Ne2 Bh5 30. f4 Kh8 31. Kf2 gxf4 32. Ndxf4 Bf7 33. Qa4 Be8 34.
Qxa5 Bd7 35. Ng6+ Kg7 36. Nxf8 Nxf8 37. Nf4 Rc8 38. Qa7 Bg5 39. Rxc8 1-0

[Event "8. Griesheimer Schachtage 2012"]
[Site "Griesheim"]
[Date "2012.05.19"]
[Round "3.32"]
[White "Morgenroth, Fabian"]
[Black "Rimpler, Rafael"]
[Result "0-1"]
[WhiteElo "1242"]
[BlackElo "1581"]
[PlyCount "86"]
[EventDate "2012.05.19"]

1. d4 Nf6 2. c4 g6 3. Nc3 d5 4. Nf3 Bg7 5. Bg5 Ne4 6. e3 Nxg5 7. Nxg5 O-O 8.
Be2 c6 9. O-O e5 10. Nf3 exd4 11. Nxd4 dxc4 12. Bxc4 Nd7 13. Rc1 Ne5 14. Bb3 c5
15. Nf3 Nd3 16. Rc2 Nxb2 17. Qxd8 Rxd8 18. Rxb2 Bxc3 19. Rc2 Bb4 20. Ra1 b6 21.
Ne5 Be6 22. Bxe6 fxe6 23. Nc6 Rd6 24. Nxb4 Rad8 25. Rcc1 cxb4 26. Kf1 Rd2 27.
Ke1 Kf7 28. Rd1 Rxd1+ 29. Rxd1 Rxd1+ 30. Kxd1 Ke7 31. f4 e5 32. g4 Ke6 33. Ke2
exf4 34. exf4 Kd5 35. Kd3 b5 36. h4 a5 37. f5 gxf5 38. gxf5 Ke5 39. h5 a4 40.
Kc2 Kxf5 41. Kb2 Kg5 42. a3 bxa3+ 43. Kxa3 Kxh5 0-1

[Event "8. Griesheimer Schachtage 2012"]
[Site "Griesheim"]
[Date "2012.05.19"]
[Round "3.34"]
[White "Beijan, Viorel"]
[Black "Breining, Anton"]
[Result "1-0"]
[WhiteElo "1555"]
[BlackElo "1487"]
[PlyCount "55"]
[EventDate "2012.05.19"]

1. e4 e5 2. f4 d6 3. Nf3 Bg4 4. Bc4 h6 5. Nc3 Qd7 6. O-O Nf6 7. d3 Nc6 8. Qe1
Bxf3 9. Rxf3 Be7 10. Ne2 a6 11. a4 b6 12. c3 O-O 13. h3 Na5 14. Ba2 Kh8 15. b4
Nb7 16. Ng3 g6 17. fxe5 dxe5 18. Bxh6 Nd6 19. Bxf8 Rxf8 20. Bb3 Kg7 21. Qf2 Rh8
22. Rf1 Qd8 23. Qe3 Nde8 24. Qg5 Kf8 25. Qxe5 Qd6 26. Qg5 Qd8 27. e5 Nd5 28.
Rxf7+ 1-0

[Event "8. Griesheimer Schachtage 2012"]
[Site "Griesheim"]
[Date "2012.05.19"]
[Round "4.1"]
[White "Walter, Stefan"]
[Black "Geske, Julian"]
[Result "1/2-1/2"]
[WhiteElo "2354"]
[BlackElo "2388"]
[PlyCount "106"]
[EventDate "2012.05.20"]

1. d4 d5 2. c4 c6 3. e3 Bf5 4. Nc3 e6 5. Nf3 Nd7 6. Bd3 Bxd3 7. Qxd3 Ngf6 8.
O-O Be7 9. Bd2 O-O 10. Rfd1 Re8 11. Rac1 Bd6 12. e4 dxe4 13. Nxe4 Nxe4 14. Qxe4
Qc7 15. b4 Rad8 16. a4 a6 17. a5 Qb8 18. Bc3 h6 19. Rd3 Nf8 20. Rcd1 Qc7 21. h4
Qe7 22. Qe1 Ng6 23. g3 Nf8 24. Kg2 Nd7 25. Re3 f6 26. Rb1 Qf7 27. Qe2 Kh8 28.
Nd2 e5 29. Re1 Rf8 30. Nf3 exd4 31. Nxd4 Ne5 32. Re4 c5 33. Nf5 Bb8 34. bxc5
Nd3 35. Rd1 Qd7 36. Ne7 Nf4+ 37. gxf4 Qxd1 38. Ng6+ Kg8 39. Qxd1 Rxd1 40. Nxf8
Kxf8 41. c6 bxc6 42. Re6 Bd6 43. c5 Bxc5 44. Rxc6 Bd6 45. Rxa6 Bxf4 46. Rc6 Be5
47. a6 Bxc3 48. Rc8+ Kf7 49. a7 Ra1 50. a8=Q Rxa8 51. Rxa8 Kg6 52. Ra3 Be5 53.
Ra5 Kf5 1/2-1/2

[Event "8. Griesheimer Schachtage 2012"]
[Site "Griesheim"]
[Date "2012.05.20"]
[Round "4.2"]
[White "Grabarczyk, Bogdan"]
[Black "Tierling, Detlef"]
[Result "1-0"]
[WhiteElo "2380"]
[BlackElo "2023"]
[PlyCount "29"]
[EventDate "2012.05.20"]

1. e4 e5 2. f4 exf4 3. Bc4 Nf6 4. Nc3 Bc5 5. Nf3 d6 6. d4 Bb4 7. Qd3 Bxc3+ 8.
bxc3 Qe7 9. O-O Be6 10. Bxf4 Nbd7 11. Rae1 Nh5 12. Bd2 Bxc4 13. Qxc4 Ndf6 14.
e5 d5 15. exf6 1-0

[Event "8. Griesheimer Schachtage 2012"]
[Site "Griesheim"]
[Date "2012.05.20"]
[Round "4.3"]
[White "Zuyev, Igor"]
[Black "Junesch, Gerhard"]
[Result "1/2-1/2"]
[WhiteElo "2348"]
[BlackElo "2277"]
[PlyCount "149"]
[EventDate "2012.05.20"]

1. e4 c6 2. d4 d5 3. exd5 cxd5 4. Bd3 Nc6 5. c3 Nf6 6. Bf4 Bg4 7. Qb3 Qc8 8.
Nd2 Bh5 9. Ngf3 Bg6 10. Be2 Bh5 11. O-O e6 12. h3 Be7 13. Rac1 O-O 14. Rfe1 Rd8
15. Bd3 Bg6 16. Qc2 b5 17. Nb3 Nd7 18. Qe2 Bxd3 19. Qxd3 Qb7 20. Ng5 Nf8 21.
Nc5 Bxc5 22. dxc5 e5 23. Nxf7 Qxf7 24. Bxe5 Nxe5 25. Rxe5 Ng6 26. Re3 Nf4 27.
Qd2 Re8 28. Rce1 Rxe3 29. fxe3 Ng6 30. Rd1 Ne7 31. Rf1 Qe6 32. Qd3 a6 33. Rf3
Re8 34. Rf2 Nc6 35. Rd2 Ne7 36. Rf2 h6 37. a3 Nc6 38. Rd2 Rd8 39. Rd1 Qe4 40.
Qd2 Kh8 41. Kh1 Qe5 42. Qe2 Rf8 43. a4 Rb8 44. axb5 axb5 45. Qd3 b4 46. cxb4
Nxb4 47. Qd4 Qxd4 48. Rxd4 Kg8 49. Kh2 Kf7 50. Kg3 Ke6 51. Rg4 g5 52. h4 Kf5
53. Rd4 Rb5 54. hxg5 hxg5 55. Kf3 Ke6 56. Rg4 Nd3 57. Rxg5 Ne5+ 58. Kf4 Rb4+
59. Kg3 Rxb2 60. e4 d4 61. Rh5 Rb3+ 62. Kf4 Nd3+ 63. Kg4 Nf2+ 64. Kf4 Nd3+ 65.
Kg4 Nb4 66. Kf4 Rb2 67. Rh6+ Kd7 68. Rd6+ Kc7 69. Rxd4 Nc6 70. Rd6 Rxg2 71. e5
Rf2+ 72. Ke3 Rf5 73. e6 Rxc5 74. Rd7+ Kc8 75. Rh7 1/2-1/2

[Event "8. Griesheimer Schachtage 2012"]
[Site "Griesheim"]
[Date "2012.05.20"]
[Round "4.4"]
[White "Hoeck, Raimund"]
[Black "Schlapp, Thomas"]
[Result "1-0"]
[WhiteElo "1986"]
[BlackElo "2285"]
[PlyCount "105"]
[EventDate "2012.05.20"]

1. d4 e6 2. Nf3 Nf6 3. e3 b6 4. Bd3 Bb7 5. O-O Be7 6. Nbd2 c5 7. b3 O-O 8. Bb2
d6 9. Qe2 Nc6 10. a3 a5 11. c3 Qc7 12. Rac1 Nd7 13. e4 Bf6 14. Rfe1 g6 15. a4
Bg7 16. Nb1 Bh6 17. Rc2 Qb8 18. Bb5 Rd8 19. d5 exd5 20. exd5 Na7 21. c4 Nxb5
22. axb5 Re8 23. Qd1 Qc7 24. Rce2 Kf8 25. Nc3 Nf6 26. Na4 Rxe2 27. Rxe2 Bg7 28.
Ng5 Kg8 29. Qe1 Rd8 30. Re7 Rd7 31. Rxd7 Qxd7 32. Nxb6 Qd8 33. Na4 Nxd5 34.
Bxg7 Qxg5 35. h4 Qf5 36. Bb2 Kf8 37. Qd2 Qe6 38. cxd5 Bxd5 39. Qh6+ Ke8 40. Qe3
Bxb3 41. Qxe6+ fxe6 42. Nc3 Bc2 43. f3 d5 44. Ba3 c4 45. Kf2 d4 46. Ne4 Ba4 47.
b6 Kd8 48. Be7+ Kc8 49. Nd6+ Kb8 50. Nxc4 Kb7 51. Bd8 Ka6 52. Nxa5 Bb5 53. Nb3
1-0

[Event "8. Griesheimer Schachtage 2012"]
[Site "Griesheim"]
[Date "2012.05.20"]
[Round "4.5"]
[White "Loewe, Lennard"]
[Black "Galkin, Wladislaw"]
[Result "1/2-1/2"]
[WhiteElo "2119"]
[BlackElo "2057"]
[PlyCount "144"]
[EventDate "2012.05.20"]

1. e4 e5 2. Nf3 Nc6 3. c3 Nf6 4. d4 exd4 5. e5 Qe7 6. cxd4 d6 7. Bb5 dxe5 8.
dxe5 Bg4 9. O-O Nd7 10. Bf4 Qb4 11. Bxc6 bxc6 12. Qc1 Bxf3 13. gxf3 Qb7 14. Nc3
Nc5 15. Rd1 Be7 16. Bg5 Bxg5 17. Qxg5 Ne6 18. Qg4 Qxb2 19. Qc4 O-O 20. Qxc6 Nf4
21. Rf1 Qxc3 22. Qe4 Nh3+ 23. Kg2 Ng5 24. Qg4 Ne6 25. f4 Qb4 26. Kg3 Rad8 27.
Rab1 Qa4 28. f5 Rd3+ 29. f3 Qxg4+ 30. Kxg4 Nd4 31. Rb7 Ra3 32. Rxc7 Rxa2 33.
Rd1 Ra4 34. f4 g6 35. fxg6 hxg6 36. Rb1 Ne6 37. Re7 Rxf4+ 38. Kg3 Re4 39. Rxa7
Rxe5 40. Rbb7 Rf5 41. Re7 Kg7 42. Rxe6 Rd8 43. Re2 Rd1 44. Kg2 Rff1 45. Rb7
Rg1+ 46. Kf2 Rdf1+ 47. Ke3 Re1 48. Rxe1 Rxe1+ 49. Kf2 Ra1 50. Kg3 Ra5 51. Kg4
Rf5 52. Rb8 Rf1 53. Ra8 f5+ 54. Kg3 Rb1 55. Rc8 Rb4 56. Ra8 Rd4 57. Rb8 g5 58.
Rb6 Rd3+ 59. Kg2 Rd7 60. Kg3 Rf7 61. h4 g4 62. Kf4 Rf6 63. Rb8 Kg6 64. Rh8 Rf7
65. Rg8+ Rg7 66. Ra8 Rh7 67. Rg8+ Kh5 68. Kxf5 Rf7+ 69. Ke6 Rf4 70. Rh8+ Kg6
71. Rg8+ Kh6 72. Rg5 Rb4 1/2-1/2

[Event "8. Griesheimer Schachtage 2012"]
[Site "Griesheim"]
[Date "2012.05.20"]
[Round "4.6"]
[White "Kopp, Peter"]
[Black "Leiter, Thomas"]
[Result "0-1"]
[WhiteElo "2089"]
[BlackElo "2172"]
[PlyCount "79"]
[EventDate "2012.05.20"]

1. e4 c5 2. c3 b6 3. d4 Bb7 4. Bd3 cxd4 5. cxd4 Nc6 6. Nf3 Nb4 7. O-O e6 8. Nc3
Nxd3 9. Qxd3 Nf6 10. Bg5 a6 11. e5 h6 12. Bxf6 gxf6 13. Rfe1 f5 14. d5 Rg8 15.
Rad1 Rc8 16. Qe3 Rc4 17. g3 Rcg4 18. Rd4 Rxd4 19. Nxd4 Qa8 20. d6 Rg4 21. f3
Rg6 22. Nce2 h5 23. Nf4 Bh6 24. Kf2 h4 25. Nde2 Qd8 26. Rg1 Rg5 27. Qd4 Kf8 28.
Ng2 hxg3+ 29. hxg3 Bg7 30. Rh1 f6 31. f4 Rg4 32. exf6 Bxf6 33. Qd2 Qa8 34. Rh2
Be4 35. Ne3 Rg6 36. Nc3 Kf7 37. Nxe4 Qxe4 38. Rh7+ Rg7 39. Rxg7+ Kxg7 40. b3
0-1

[Event "8. Griesheimer Schachtage 2012"]
[Site "Griesheim"]
[Date "2012.05.20"]
[Round "4.7"]
[White "Kellerwessel, Ralf"]
[Black "Schork, Stefan"]
[Result "0-1"]
[WhiteElo "1888"]
[BlackElo "2134"]
[PlyCount "60"]
[EventDate "2012.05.20"]

1. e4 c5 2. Nc3 e6 3. d3 Nc6 4. g3 d5 5. Bg2 d4 6. Nce2 g6 7. f4 Bg7 8. Nf3
Nge7 9. O-O f5 10. e5 O-O 11. c3 dxc3 12. bxc3 Qd7 13. Ba3 b6 14. d4 Ba6 15.
Re1 Rfd8 16. Qc2 Nd5 17. Kf2 cxd4 18. Nfxd4 Na5 19. Rad1 Nc4 20. Bc1 Rac8 21.
a4 Bf8 22. Bxd5 Qxd5 23. Nxf5 Bc5+ 24. Nfd4 Rf8 25. Kf1 Qh1+ 26. Kf2 Qxh2+ 27.
Kf1 Bb7 28. Ng1 Qxg3 29. Qf2 Qxc3 30. Nge2 Qh3+ 0-1

[Event "8. Griesheimer Schachtage 2012"]
[Site "Griesheim"]
[Date "2012.05.20"]
[Round "4.8"]
[White "Rehfeldt, Frank"]
[Black "Rolf, Marco"]
[Result "1-0"]
[WhiteElo "2106"]
[BlackElo "1898"]
[PlyCount "60"]
[EventDate "2012.05.20"]

1. e4 e6 2. d4 d5 3. Nc3 dxe4 4. Nxe4 Nf6 5. Ng3 c5 6. Nf3 cxd4 7. Qxd4 Bd7 8.
Bg5 Be7 9. Bc4 Nc6 10. Qd2 Qb6 11. O-O O-O-O 12. c3 e5 13. Qe2 h6 14. Be3 Qc7
15. Bxf7 Bg4 16. h3 Rhf8 17. Bg6 Bxf3 18. Qxf3 Nd5 19. Nf5 Kb8 20. Rad1 Nxe3
21. Qxe3 Bg5 22. Qe4 Rxd1 23. Rxd1 Rf6 24. Ne3 Bxe3 25. fxe3 Qb6 26. b4 Rxg6
27. Qxg6 Qxe3+ 28. Kh1 Qxc3 29. b5 Nd4 30. Qe8+ Qc8 1-0

[Event "8. Griesheimer Schachtage 2012"]
[Site "Griesheim"]
[Date "2012.05.20"]
[Round "4.9"]
[White "Nies, Peter"]
[Black "Yilmaz, Ahmet"]
[Result "1-0"]
[WhiteElo "2044"]
[BlackElo "1850"]
[PlyCount "55"]
[EventDate "2012.05.20"]

1. e4 e5 2. Nf3 Nc6 3. d4 exd4 4. Nxd4 Bc5 5. Nxc6 Qf6 6. Qf3 Qxc6 7. Nc3 Ne7
8. Bd2 a6 9. Bd3 b5 10. O-O O-O 11. Nd5 Bb7 12. Qh3 Qe6 13. Qh5 Rac8 14. Nf6+
Qxf6 15. Qxc5 d6 16. Qa7 Rb8 17. Bc3 Qg6 18. Qe3 Qe6 19. Rae1 Ng6 20. f4 f5 21.
Qd4 Qf7 22. exf5 Nh4 23. Rf2 Rbe8 24. Ref1 Bc6 25. g3 b4 26. Bxb4 Nxf5 27. Qc3
Qd5 28. Bc4 1-0

[Event "8. Griesheimer Schachtage 2012"]
[Site "Griesheim"]
[Date "2012.05.20"]
[Round "4.10"]
[White "Schmitt, Carsten"]
[Black "Haas, Vanessa"]
[Result "1-0"]
[WhiteElo "1994"]
[BlackElo "1849"]
[PlyCount "71"]
[EventDate "2012.05.20"]

1. c4 e5 2. g3 d6 3. Bg2 a5 4. Nc3 g6 5. Rb1 c5 6. d3 Ne7 7. Bg5 Qb6 8. Bf6 Rg8
9. Qd2 Be6 10. f4 Nd7 11. fxe5 Nxe5 12. Nf3 Ng4 13. Bxe7 Bxe7 14. Ng5 h6 15.
Nge4 f5 16. Na4 Qc7 17. Nf2 Bg5 18. Qc3 Ne3 19. Bf3 Bd7 20. h4 Bxa4 21. hxg5
hxg5 22. Qf6 Nc2+ 23. Kd2 Nd4 24. Bd5 Rf8 25. Qxg6+ Kd8 26. Rh7 Bd7 27. Qxg5+
Kc8 28. Rbh1 Qb6 29. Nd1 Qb4+ 30. Ke3 Re8+ 31. Re7 f4+ 32. gxf4 Nf5+ 33. Qxf5
Bxf5 34. Rxe8+ Kd7 35. Rxa8 Qb6 36. Rb8 1-0

[Event "8. Griesheimer Schachtage 2012"]
[Site "Griesheim"]
[Date "2012.05.20"]
[Round "4.11"]
[White "Barisch, Florian"]
[Black "Launert, Martin"]
[Result "0-1"]
[WhiteElo "1956"]
[BlackElo "1845"]
[PlyCount "78"]
[EventDate "2012.05.20"]

1. d4 d5 2. Bf4 Nf6 3. e3 g6 4. Nf3 Bg7 5. c4 O-O 6. Nc3 c6 7. cxd5 Nxd5 8.
Nxd5 cxd5 9. Be2 Nc6 10. O-O a6 11. Qb3 Na5 12. Qb4 Nc6 13. Qd2 Bg4 14. h3 Bxf3
15. Bxf3 e6 16. Rac1 Qd7 17. Rc2 Rfc8 18. Rfc1 Bf8 19. a3 Bd6 20. Bxd6 Qxd6 21.
Rc5 b6 22. R5c3 Ne7 23. Be2 Rxc3 24. Rxc3 b5 25. Qc1 Qd8 26. Kf1 Rc8 27. Rxc8
Qxc8 28. Qxc8+ Nxc8 29. a4 Nd6 30. axb5 axb5 31. Ke1 Kf8 32. Kd2 Ne4+ 33. Kc2
Ke7 34. Bxb5 Nxf2 35. b4 Kd6 36. Be2 f6 37. Kb3 Ne4 38. Bd3 Kc6 39. Ka4 Nd6 {ZUE} 0-1